| 000 | 00536nam a2200217Ia 4500 | ||
|---|---|---|---|
| 003 | 0100 | ||
| 008 | 130303s9999 xx 000 0 und d | ||
| 020 | _a0582064317 | ||
| 040 | _cARRUPELIB | ||
| 050 | _aLB875.G751991 | ||
| 100 | _aGraham-Brown, Sarah | ||
| 245 | _aEducation in the developing world | ||
| 245 | _bconflict and crisis | ||
| 260 | _aLondon | ||
| 260 | _bAddison Wesley Longman LTD | ||
| 260 | _C1991 | ||
| 300 | _axx | ||
| 300 | _b 332 p.16 p. of plates ill. maps | ||
| 650 | _bPsychotherapy | ||
| 942 | 0 | 0 | _03 |
| 999 |
_c12769 _d12769 |
||